Understanding Women Emprowment Through Indian Culture, Text An Practices (Record no. 42856)

MARC details
000 -LEADER
fixed length control field 00353nam a2200121Ia 4500
008 - FIXED-LENGTH DATA ELEMENTS--GENERAL INFORMATION
fixed length control field 241028s9999 xx 000 0 und d
041 ## - LANGUAGE CODE
Language code of text/sound track or separate title eng
082 ## - DEWEY DECIMAL CLASSIFICATION NUMBER
Classification number 338.91 VER
100 ## - MAIN ENTRY--PERSONAL NAME
Personal name Rajiv Verma
245 ## - TITLE STATEMENT
Title Understanding Women Emprowment Through Indian Culture, Text An Practices
260 ## - PUBLICATION, DISTRIBUTION, ETC.
Name of publisher, distributor, etc. Raghav Books
Place of publication, distribution, etc. Ghaziabad U.P
Date of publication, distribution, etc. 2021
300 ## - PHYSICAL DESCRIPTION
Extent 267;. P. 23 cm
Holdings
Withdrawn status Lost status Damaged status Not for loan Home library Current library Shelving location Date acquired Cost, normal purchase price Full call number Barcode Date last seen Cost, replacement price Price effective from Koha item type
        IMTN IMTN Rack 13-A 07/03/2024 909.30 338.91 VER 33285 10/28/2024 1299.00 10/28/2024 Books
Designed & Maintained by: LRC IMT Nagpur Contact: lrc@imtnag.ac.in© 2024. All Rights Reserved.